Statystyki dla Awanse do Ekstraklasy w XXI wieku

Kliknij tutaj aby rozwiązać quiz!

Ogólne statystyki

  • Ten quiz został rozwiązany 247 razy
  • Średni wynik to 38 z 53

Statystyki odpowiedzi

SezonPozycja w I lidzeNazwa zespoły% Poprawnych
2010/20111ŁKS Łódź
93%
2018/20192ŁKS Łódź
93%
2005/20062ŁKS Łódź
93%
2001/20021Lech Poznań
88%
2009/20101Widzew Łódź
88%
2005/20061Widzew Łódź
88%
2001/20022Wisła Płock
86%
2004/20053Arka Gdynia
85%
2007/20084Arka Gdynia
85%
2015/20161Arka Gdynia
85%
2014/20152Termalica Bruk-Bet Nieciecza
85%
2020/20212Termalica Bruk-Bet Nieciecza
85%
2018/20191Raków Częstochowa
84%
2016/20172Górnik Zabrze
83%
2009/20102Górnik Zabrze
83%
2004/20051Korona Kielce
81%
2008/20093Korona Kielce
81%
2003/20041Pogoń Szczecin
80%
2011/20122Pogoń Szczecin
80%
2019/20203 (baraże)Warta Poznań
80%
2014/20151Zagłębie Lubin
80%
2003/20042Zagłebie Lubin
80%
2008/20092Zagłębie Lubin
80%
2013/20142Górnik Łęczna
78%
2020/20216 (baraże)Górnik Łęczna
78%
2020/20211Radomiak Radom
78%
2019/20201Stal Mielec
77%
2002/20033 (baraże)Górnik Łęczna
76%
2003/20043 (baraże)Cracovia
75%
2012/20132Cracovia
75%
2007/20081Lechia Gdańsk
75%
2017/20181Miedź Legnica
75%
2006/20074Zagłębie Sosnowiec
75%
2017/20182Zagłębie Sosnowiec
75%
2010/20112Podbeskidzie Bielsko-Biała
71%
2019/20202Podbeskidzie Bielsko-Biała
71%
2011/20121Piast Gliwice
69%
2007/20083Piast Gliwice
69%
2006/20071Ruch Chorzów
68%
2006/20072Jagiellonia Białystok
67%
2016/20171Sandecja Nowy Sącz
64%
2007/20082Śląsk Wrocław
62%
2007/20087Polonia Warszawa
59%
2006/20073Polonia Bytom
53%
2013/20141GKS Bełchatów
52%
2004/20052GKS Bełchatów
52%
2012/20131Zawisza Bydgoszcz
52%
2015/20162Wisła Płock
44%
2000/20012KSZO Ostrowiec Świętokrzyski
34%
2002/20031Górnik Polkowice
29%
2000/20011RKS Radomsko
28%
2001/20023 (baraże)Szczakowianka Jaworzno
27%
2002/20032 (baraże)Świt Nowy Dwór Mazowiecki
24%

Rozkład punktacji

Percentyl według liczby udzielonych odpowiedzi

Procent ludzi z każdym wynikiem

Twoja historia wyników

Nie rozwiązałeś tego quizu